[Event "MetroWest CC New Year op"]
[Site "Natick"]
[Date "2015.01.06"]
[Round "1.4"]
[White "Pearson, Frederick K"]
[Black "Yang, Yi"]
[Result "0-1"]
[WhiteElo "2034"]
[BlackElo "2274"]
[PlyCount "65"]
[EventDate "2015.01.06"]
[EventType "swiss"]
[EventRounds "3"]
[EventCountry "USA"]
[SourceTitle "EXT 2023"]
[Source "ChessBase"]
[SourceDate "2022.10.05"]
[SourceVersion "1"]
[SourceVersionDate "2022.10.05"]
[SourceQuality "1"]

1. e4 c5 2. Nf3 e6 3. d4 cxd4 4. Nxd4 Nc6 5. Nb5 d6 6. Bf4 e5 7. Be3 a6 8. N5a3 Nf6 9. Bg5 Qa5+ 10. Bd2 Qc7 11. Bd3 Bg4 12. Qc1 Be7 13. Nc4 Be6 14. Ne3 Rc8 15. c4 Nd4 16. Nc3 0-0 17. Qd1 b5 18. cxb5 axb5 19. Rc1 Qb7 20. 0-0 b4 21. Ncd5 Nxd5 22. Nxd5 Bxd5 23. Rxc8 Rxc8 24. exd5 Qxd5 25. Bxb4 Qxa2 26. Bc3 Ne6 27. Qg4 Rd8 28. f4 Qa4 29. Bxh7+ Kxh7 30. Qf5+ Kg8 31. fxe5 Rf8 32. exd6 Bxd6 33. Rd1 0-1

[Event "MCC Independence Day"]
[Site "Natick"]
[Date "2014.07.01"]
[Round "1.4"]
[White "Pearson, Frederick K"]
[Black "Krasik, Ilya"]
[Result "0-1"]
[WhiteElo "2022"]
[BlackElo "2264"]
[PlyCount "102"]
[EventDate "2014.07.01"]
[EventType "swiss"]
[EventRounds "5"]
[EventCountry "USA"]
[SourceTitle "EXT 2023"]
[Source "ChessBase"]
[SourceDate "2022.10.05"]
[SourceVersion "1"]
[SourceVersionDate "2022.10.05"]
[SourceQuality "1"]

1. e4 c5 2. Nf3 g6 3. d4 cxd4 4. Qxd4 Nf6 5. Bb5 a6 6. e5 axb5 7. exf6 Nc6 8. fxe7 Qxe7+ 9. Qe3 Bg7 10. Qxe7+ Nxe7 11. 0-0 0-0 12. c3 d6 13. Na3 b4 14. Nb5 Be6 15. Re1 Nc6 16. a4 bxc3 17. bxc3 Nb4 18. Nfd4 Bxd4 19. Nxd4 Nd3 20. Nxe6 fxe6 21. Rxe6 Nxc1 22. Rxc1 Rxa4 23. f3 Ra6 24. Rd1 Rd8 25. Re7 Rb6 26. Rde1 Rf8 27. Rd7 Rf7 28. Rd8+ Kg7 29. Re6 Rc6 30. Rexd6 Rxc3 31. R6d7 Rc7 32. Rxc7 Rxc7 33. Rb8 Kf6 34. Kf2 Ke5 35. g4 Kd6 36. h4 Kc6 37. h5 gxh5 38. g5 h4 39. g6 b5 40. Rh8 hxg6 41. Rxh4 Kc5 42. Ke3 Rd7 43. Rh8 Rd6 44. f4 b4 45. Rc8+ Kb5 46. Rb8+ Rb6 47. Ra8 Rd6 48. Rb8+ Kc4 49. Rc8+ Kb3 50. Rb8 Kc3 51. Rc8+ Kb2 0-1